书目信息 |
| 题名: |
熬通宵也要读完的大汉史
|
|
| 作者: | 覃仕勇 编著 | |
| 分册: | ||
| 出版信息: | 长春 吉林文史出版社 2020.01 |
|
| 页数: | 288页 | |
| 开本: | 24cm | |
| 丛书名: | ||
| 单 册: | ||
| 中图分类: | K234.09 | |
| 科图分类: | ||
| 主题词: | 汉代--han dai--古代史--通俗读物 | |
| 电子资源: | ||
| ISBN: | 978-7-5472-6719-6 | |
| 000 | 00931nam0 2200229 450 | |
| 001 | 2034410878 | |
| 005 | 20201106093339.24 | |
| 010 | @a978-7-5472-6719-6@dCNY48.00 | |
| 100 | @a20200331d2020 em y0chiy50 ea | |
| 101 | 0 | @achi |
| 102 | @aCN@b220000 | |
| 105 | @ay z 000yy | |
| 200 | 1 | @a熬通宵也要读完的大汉史@Aao tong xiao ye yao du wan de da han shi@f覃仕勇编著 |
| 210 | @a长春@c吉林文史出版社@d2020.01 | |
| 215 | @a288页@d24cm | |
| 314 | @a覃仕勇, 广西作协会员。 | |
| 330 | @a本书即围绕着这一系列应运而生的社会精英、历史人杰展开生动如绘的描写。一段段精彩纷呈的帝国往事、一个个鲜活而又富有个性的历史人物, 带大家畅游大汉王朝的历史长河, 领略中华文化的源远流长。该书共分七章, 内容包括: 秦末乱世 ; 楚汉相争 ; 功臣之死 ; 汉初风云 ; 强汉天威等。 | |
| 606 | 0 | @a汉代@Ahan dai@x古代史@j通俗读物 |
| 690 | @aK234.09@v5 | |
| 701 | 0 | @a覃仕勇@Aqin shi yong@4编著 |
| 801 | 0 | @aCN@b人天书店@c20201024 |
| 905 | @aZUCC@dK234.09@eT089 | |
| 熬通宵也要读完的大汉史/覃仕勇编著.-长春:吉林文史出版社,2020.01 |
| 288页;24cm |
| ISBN 978-7-5472-6719-6:CNY48.00 |
| 本书即围绕着这一系列应运而生的社会精英、历史人杰展开生动如绘的描写。一段段精彩纷呈的帝国往事、一个个鲜活而又富有个性的历史人物, 带大家畅游大汉王朝的历史长河, 领略中华文化的源远流长。该书共分七章, 内容包括: 秦末乱世 ; 楚汉相争 ; 功臣之死 ; 汉初风云 ; 强汉天威等。 |
| ● |
| 相关链接 |
|
|
|
正题名:熬通宵也要读完的大汉史
索取号:K234.09/T089
 
预约/预借
| 序号 | 登录号 | 条形码 | 馆藏地/架位号 | 状态 | 备注 |
| 1 | 1481453 | 214814539 | 社科库309/309社科库 33排3列4层/ [索取号:K234.09/T089] | 在馆 | |
| 2 | 1481454 | 214814548 | 社科库309/309社科库 33排3列4层/ [索取号:K234.09/T089] | 在馆 |